000 00961nam a22003137a 4500
001 BR0001835
003 BR-BrBNA
005 20230928100630.0
007 ta
008 230509b bl.||||| |||| 00| 0 por d
040 _aBR-BrBNA
_bpor
_cBiblioteca Nacional de Agricultura
041 _a(Por)
072 _aJ11
_b0960
090 _ 0960 BR0001835
100 1 _aDomingues, D.M.
110 1 _aCentro de Energia Nuclear na Agricultura, Piracicaba, SP (Brasil)
_0Tese (Mestre em Ciencias)
245 1 _aEfeito da radiacao gama e embalagem na conservacao de morangos "Toyonoka" armazenados sob refrigeracao
260 3 _aPiracicaba, SP (Brasil):
_c2000.
300 _a60 p.
500 _aSummaries (Eng, Por); 39 ref.; 16 illus.; 18 tables
650 _aMorango
650 _aEmbalagem
650 _aArmazenamento
650 _aRefrigeracao
650 _aRadiacao
650 _aVitamina C
909 _a202309
_bLucia
_c55
_dLucia Elande
942 _cBK
999 _c62119
_d62119